Son devir Bizans mimarisi; (Record no. 46211)
[ view plain ]
| 000 -LEADER | |
|---|---|
| fixed length control field | 00866cam a22002771 4500 |
| 001 - CONTROL NUMBER | |
| control field | ne 63001718 |
| 003 - CONTROL NUMBER IDENTIFIER | |
| control field | DLC |
| 005 - DATE AND TIME OF LATEST TRANSACTION | |
| control field | 20260227111749.0 |
| 008 - FIXED-LENGTH DATA ELEMENTS--GENERAL INFORMATION | |
| fixed length control field | 850228s1963 tu f b 000 0 tur |
| 010 ## - LIBRARY OF CONGRESS CONTROL NUMBER | |
| LC control number | ne 63001718 |
| 035 ## - SYSTEM CONTROL NUMBER | |
| System control number | (OCoLC)11749365 |
| 040 ## - CATALOGING SOURCE | |
| Original cataloging agency | DLC |
| Transcribing agency | CLU |
| Modifying agency | DLC |
| 041 0# - LANGUAGE CODE | |
| Language code of text/sound track or separate title | tur |
| Language code of summary or abstract | ger |
| 042 ## - AUTHENTICATION CODE | |
| Authentication code | premarc |
| 050 00 - LIBRARY OF CONGRESS CALL NUMBER | |
| Classification number | NA1370 |
| Item number | .E9 |
| 100 1# - MAIN ENTRY--PERSONAL NAME | |
| Personal name | Eyice, Semavi. |
| 245 10 - TITLE STATEMENT | |
| Title | Son devir Bizans mimarisi; |
| Remainder of title | İstanbul'da Palaiologos'lar devri anıtları. |
| 260 ## - PUBLICATION, DISTRIBUTION, ETC. | |
| Place of publication, distribution, etc. | İstanbul, |
| Date of publication, distribution, etc. | 1963. |
| 300 ## - PHYSICAL DESCRIPTION | |
| Extent | 110 p., 88 p. of plates. |
| Dimensions | 24 cm. |
| 490 0# - SERIES STATEMENT | |
| Series statement | İstanbul Üniversitesi, Edebiyat Fakültesi yayınları, |
| Volume/sequential designation | no. 999 |
| 490 0# - SERIES STATEMENT | |
| Series statement | Türkiyede Ortaçag sanatı araştırmaları, |
| Volume/sequential designation | 1 |
| 500 ## - GENERAL NOTE | |
| General note | Summary in German. |
| 504 ## - BIBLIOGRAPHY, ETC. NOTE | |
| Bibliography, etc. note | Bibliographical footnotes. |
| 650 #0 - SUBJECT ADDED ENTRY--TOPICAL TERM | |
| Topical term or geographic name entry element | Architecture |
| Geographic subdivision | Turkey |
| -- | Istanbul. |
| 650 #0 - SUBJECT ADDED ENTRY--TOPICAL TERM | |
| Topical term or geographic name entry element | Architecture, Byzantine. |
No items available.